Normal view
MARC view
- فوده، عبدالحكم
Entry Personal Name
001 - CONTROL NUMBER
- control field: 36241
003 - CONTROL NUMBER IDENTIFIER
- control field: JO-AjAnu
005 - DATE AND TIME OF LATEST TRANSACTION
- control field: 20230606080043.0
008 - FIXED-LENGTH DATA ELEMENTS
- fixed length control field: 230606|| aca||aabn | a|a d
040 ## - CATALOGING SOURCE
- Original cataloging agency: JO-AjAnu
- Transcribing agency: JO-AjAnu
100 ## - HEADING--PERSONAL NAME
- Personal name: فوده، عبدالحكم
670 ## - SOURCE DATA FOUND
- Source citation: Work cat.: (JO-AjAnu)18607: فوده، عبدالحكم, author, الإستمرارية والوقتية في الجرائم العمدية : تحليل عملي على ضوء الفقه وقضاء النقض